00448nam a22001577a 450000500170000001000160001702000260003303500140005903700090007308200060008210000190008824500590010726000340016627000700020030000200027020250313120213.0 aENG-1443031 a9789392210228c395.00 aEN-127563 bDBAD aS aAhlawat, Ashok aThe Crossover Girl and Other Stories /cAhlawat, Ashok aChandigarhbThe Browserc2020 bChandigarhaSCO 14-15, Sector 8-Ce160009mservice@thebrowser.org a164p.c20cm(pb)